| 000 | 00000nam 2200000zi 4500 |
| 001 | 9.644021 |
| 003 | CaOODSP |
| 005 | 20221107134353 |
| 006 | m o d f |
| 007 | cr cn||||||||| |
| 008 | 150407s1993 onc|||||o f00| 0 fre d |
| 040 | |aCaOODSP|bfre|erda|cCaOODSP |
| 043 | |an-cn--- |
| 086 | 1 |aCH37-4/1-1993F-PDF |
| 245 | 00|aCharte canadienne des droits et libertés. |
| 264 | 1|a[Ottawa] : |b[Patrimoine canadien], |c[1993] |
| 300 | |a1 ressource en ligne (1 page, avec une autre présentation de 4 pages) |
| 336 | |atexte|btxt|2rdacontent/fre |
| 337 | |ainformatique|bc|2rdamedia/fre |
| 338 | |aressource en ligne|bcr|2rdacarrier/fre |
| 500 | |aLa plus récente version du format certificat est disponible sur le portail du Gouvernement ouvert. |
| 500 | |aÉdition numérisée de l'imprimé [par Partrimoine canadien]. |
| 590 | |a14-20-Supp|b2014-11-25 |
| 650 | 6|aDroits de l'homme|zCanada. |
| 710 | 1 |aCanada.|bPatrimoine canadien. |bDirection des droits de la personne, |eorganisme de publication. |
| 775 | 08|tCanadian Charter of Rights and Freedoms.|w(CaOODSP)9.700116 |
| 775 | 08|t[Charte canadienne des droits et libertés] |w(CaOODSP)9.837615 |
| 775 | 08|t[Charte canadienne des droits et libertés] |w(CaOODSP)9.837624 |
| 775 | 08|t[Charte canadienne des droits et libertés] |w(CaOODSP)9.837626 |
| 775 | 08|t[Charte canadienne des droits et libertés] |w(CaOODSP)9.837628 |
| 775 | 08|t[Charte canadienne des droits et libertés] |w(CaOODSP)9.837631 |
| 775 | 08|t[Charte canadienne des droits et libertés] |w(CaOODSP)9.837633 |
| 775 | 08|t[Charte canadienne des droits et libertés] |w(CaOODSP)9.837635 |
| 775 | 08|t[Charte canadienne des droits et libertés] |w(CaOODSP)9.837637 |
| 775 | 08|t[Charte canadienne des droits et libertés] |w(CaOODSP)9.837641 |
| 775 | 08|t[Charte canadienne des droits et libertés] |w(CaOODSP)9.837643 |
| 775 | 08|t[Charte canadienne des droits et libertés] |w(CaOODSP)9.837646 |
| 775 | 08|t[Charte canadienne des droits et libertés] |w(CaOODSP)9.837649 |
| 775 | 08|t[Charte canadienne des droits et libertés] |w(CaOODSP)9.837654 |
| 775 | 08|t[Charte canadienne des droits et libertés] |w(CaOODSP)9.837658 |
| 775 | 08|t[Charte canadienne des droits et libertés] |w(CaOODSP)9.837661 |
| 775 | 08|t[Charte canadienne des droits et libertés] |w(CaOODSP)9.837663 |
| 775 | 08|t[Charte canadienne des droits et libertés] |w(CaOODSP)9.837669 |
| 775 | 08|t[Charte canadienne des droits et libertés] |w(CaOODSP)9.837673 |
| 775 | 08|t[Charte canadienne des droits et libertés] |w(CaOODSP)9.837676 |
| 775 | 08|t[Charte canadienne des droits et libertés] |w(CaOODSP)9.859782 |
| 775 | 08|t[Charte canadienne des droits et libertés] |w(CaOODSP)9.859783 |
| 775 | 08|t[Charte canadienne des droits et libertés] |w(CaOODSP)9.859784 |
| 775 | 08|t[Charte canadienne des droits et libertés] |w(CaOODSP)9.859794 |
| 775 | 08|t[Charte canadienne des droits et libertés] |w(CaOODSP)9.859795 |
| 775 | 08|t[Charte canadienne des droits et libertés] |w(CaOODSP)9.859796 |
| 775 | 08|t[Charte canadienne des droits et libertés] |w(CaOODSP)9.859797 |
| 775 | 08|t[Charte canadienne des droits et libertés] |w(CaOODSP)9.859803 |
| 775 | 08|t[Charte canadienne des droits et libertés] |w(CaOODSP)9.859804 |
| 775 | 08|t[Charte canadienne des droits et libertés] |w(CaOODSP)9.859805 |
| 775 | 08|t[Charte canadienne des droits et libertés] |w(CaOODSP)9.859806 |
| 775 | 08|t[Charte canadienne des droits et libertés] |w(CaOODSP)9.859812 |
| 775 | 08|t[Charte canadienne des droits et libertés] |w(CaOODSP)9.859814 |
| 775 | 08|t[Charte canadienne des droits et libertés] |w(CaOODSP)9.859815 |
| 775 | 08|t[Charte canadienne des droits et libertés] |w(CaOODSP)9.859780 |
| 775 | 08|t[Charte canadienne des droits et libertés] |w(CaOODSP)9.859810 |
| 775 | 08|t[Charte canadienne des droits et libertés] |w(CaOODSP)9.864540 |
| 776 | 0#|tCanadian Charter of Rights and Freedoms |w(CaOODSP)9.664647 |
| 776 | 0#|tCharte canadienne des droits et libertés |w(CaOODSP)9.664648 |
| 856 | 40|qPDF|s743 Ko|uhttps://publications.gc.ca/collections/collection_2014/pc-ch/CH37-4-1-1993-fra.pdf|z(1 page présentation) |
| 856 | 40|qPDF|s3.46 MB|uhttps://publications.gc.ca/collections/collection_2022/pch/CH37-4-1-1993-1-fra.pdf|z(4 pages présentation) |